| 000 | 00525nam a2200181Ia 4500 | ||
|---|---|---|---|
| 003 | GCL | ||
| 008 | 140319s9999 xx 000 0 ara d | ||
| 040 |
_aGCL / _cGCL |
||
| 082 | 0 | 4 |
_a614.88 _bع ن |
| 100 | 1 | _aعباس محمد | |
| 245 | 1 | 0 |
_aنيل الامانى فى الطلب الانسانى / _cعباس محمد |
| 260 |
_a[S.N] : _bمكتبة التراث الاسلامى ، _c1992 |
||
| 300 | _a131 ص | ||
| 490 | _a | ||
| 650 | 0 | 4 | _aالطب |
| 650 | 0 | 4 | _aالاسعافات الاولية |
| 942 |
_2ddc _cBK |
||
| 999 |
_c53200 _d53200 |
||